000 nam a22 7a 4500
999 _c10013
_d10013
008 180209b ||||| |||| 00| 0 eng d
100 _aStinson, J
_96051
245 _aChicken Licken
260 _aLondon
_bLadybird Publication
_c1994